000 00487nam a22001817a 4500
005 20251108173228.0
008 250721s1997 xx 000 0 ara d
082 1 4 _a211.5/بك
100 1 _aعثمان بك، كمال
245 1 0 _aجولة في عالم الروح /
264 1 _aبيروت :
_bدار إبن حزم،
_c1997.
300 _a249ص
650 1 7 _aالعقيدة الدينية
650 1 7 _aالروح
650 1 7 _aالجن
942 _2ddc
_cBK
999 _c99040
_d99040